Ariana Grande - Paroles we can’t be friends - Statistiques

Statistiques générales
  • Ce quiz a été pris 553 fois
  • Le résultat moyen est 232 sur 276
Statistiques - réponses
Hint Réponse % Correct
Couplet 1 I
99%
can't
97%
friends
97%
Refrain We
97%
we
97%
you
97%
You
97%
be
96%
me
96%
Couplet 2 Me
96%
me,
96%
a
95%
your
93%
And
91%
and
91%
but
91%
But
91%
don't
91%
for
90%
Just
90%
just
90%
love
90%
Love,
90%
like
89%
think
89%
to
89%
Wait
89%
wait
89%
pretend
88%
understand
88%
wanna
88%
again
86%
try?
86%
in
85%
my
85%
My
85%
this
85%
die
84%
even
84%
papers
84%
didn't
83%
pens
83%
How
81%
how
81%
I'll
81%
silence
80%
alright
79%
could
79%
story
77%
until
77%
I'd
76%
sit
76%
tiptoe,
76%
let
74%
ever
73%
it's
73%
It's
73%
rather
73%
Baby
72%
feel
71%
that
71%
hide
69%
all
68%
good
68%
truth,
68%
look
67%
the
67%
argue,
66%
made
66%
so
66%
So
66%
you'd
65%
now,
64%
need
63%
tongue,
63%
least
62%
fire
61%
girl,
61%
night
61%
monstrous
60%
cling
59%
maybe
59%
only
59%
at
58%
paint
57%
yeah,
57%
feed
56%
Bridge Know
56%
misunderstood,
56%
that's
56%
bite
54%
daydream
54%
got
54%
'Cause
52%
still
52%
I'm
50%
something
46%
here
43%
hanging
42%
seen
42%
yet
34%
what
30%
Not
19%
Aucun quiz correspondant
Distribution des résultats
% des personnes avec chaque résultat
Percentile par nombre de réponses
Votre historique - résultats
Vous n’avez pas pris ce quiz